| 000 | 01891cam a2200265 4500500 | ||
|---|---|---|---|
| 005 | 20260111092648.0 | ||
| 041 | _afre | ||
| 042 | _adc | ||
| 100 | 1 | 0 |
_aCossement, Christophe _eauthor |
| 245 | 0 | 0 | _aReconnaître dans l’Église des liaisons homosexuelles : un discernement possible ? |
| 260 | _c2015. | ||
| 500 | _a44 | ||
| 520 | _aLes discussions autour du synode sur la famille contiennent fréquemment des attentes d’une reconnaissance ecclésiale de la valeur de certaines liaisons homosexuelles. En se référant aux indications du Créateur au sujet de l’amour et de la sexualité, on peut voir que, dans ces liaisons, la valeur affective riche de potentialités est à distinguer d’une problématique valeur sexuelle qui ne conduit pas à l’union véritable. Reste alors à éclairer le chemin que la pédagogie divine trace avec chacun. | ||
| 520 | _aRecognising Homosexual Bonds in the Church : a Possible Discernment ?The discussions around the synod on the family frequently encompass expectations of an ecclesial recognition of the value of certain homosexual bonds. Referring to the indications of the Creator on the subject of love and sexuality, it can be seen that within these relationships, affective value rich in potentialities is to be distinguished from a problematic sexual value which does not lead to real union. The way that the divine pedagogy is mapping with each one remains to be clarified. | ||
| 690 | _ahomosexualité | ||
| 690 | _aMgr Bonny | ||
| 690 | _apastorale | ||
| 690 | _asynode sur la famille | ||
| 690 | _ahomosexuality | ||
| 690 | _aMgr Bonny | ||
| 690 | _apastoral | ||
| 690 | _asynod on the family | ||
| 786 | 0 | _nNouvelle revue théologique | 137 | 3 | 2015-05-26 | p. 439-450 | 0029-4845 | |
| 856 | 4 | 1 | _uhttps://shs.cairn.info/revue-nouvelle-revue-theologique-2015-3-page-439?lang=fr&redirect-ssocas=7080 |
| 999 |
_c1624088 _d1624088 |
||